[Event "Speed Chess (Women) Q3"]
[Site "Chess.com INT"]
[Date "2021.05.30"]
[Round "1"]
[White "Derotas, Vic Glysen"]
[Black "Cori Tello, Deysi Estella"]
[Result "0-1"]
[WhiteElo "1830"]
[BlackElo "2388"]
[PlyCount "68"]
[EventDate "2021.05.30"]
[EventType "swiss (blitz)"]
[EventRounds "21"]
[EventCountry "USA"]
[SourceTitle "CBM 202 Extra"]
[Source "ChessBase"]
[SourceDate "2021.07.31"]
[SourceVersion "1"]
[SourceVersionDate "2021.07.31"]
[SourceQuality "1"]

1. c4 e6 2. b3 Nf6 3. Bb2 b6 4. g3 Bb7 5. Nf3 d5 6. Bg2 Nbd7 7. 0-0 Bd6 8. d4 0-0 9. Nc3 dxc4 10. bxc4 Qe7 11. Re1 Ne4 12. d5 Nxc3 13. Bxc3 exd5 14. cxd5 Ne5 15. Nd4 Qd7 16. e4 Rfe8 17. f4 Ng4 18. e5 Bc5 19. h3 Nh6 20. Kh2 Bxd5 21. e6 fxe6 22. Nxe6 Bxe6 23. Bxa8 Rxa8 24. Qxd7 Bxd7 25. Rad1 Ba4 26. Rd5 Bc6 27. Rg5 g6 28. f5 Nxf5 29. Re6 Bd7 30. Re5 Re8 31. Rd5 Bc6 32. Rdxf5 Re2+ 33. Rf2 Rxf2+ 34. Kg1 Rf5+ 0-1

[Event "Eastern Asia-ch U20 Girls"]
[Site "Batangas"]
[Date "2019.12.14"]
[Round "8"]
[White "Derotas, Vic Glysen"]
[Black "Dadoung, Chanthanipa"]
[Result "1-0"]
[WhiteElo "1960"]
[BlackElo "1424"]
[PlyCount "57"]
[EventDate "2019.12.10"]
[EventType "swiss"]
[EventRounds "9"]
[EventCountry "PHI"]
[SourceTitle "CBM 193 Extra"]
[Source "ChessBase"]
[SourceDate "2020.01.31"]
[SourceVersion "1"]
[SourceVersionDate "2020.01.31"]
[SourceQuality "1"]

1. c4 Nf6 2. Nf3 e6 3. b3 Be7 4. Bb2 0-0 5. g3 d5 6. Bg2 c6 7. 0-0 Nbd7 8. d3 b6 9. Nbd2 Bb7 10. Qc2 Rc8 11. e4 dxe4 12. Nxe4 c5 13. Rad1 Qc7 14. Rfe1 Rfd8 15. Qe2 a6 16. a4 h6 17. Nfd2 Bc6 18. d4 Nxe4 19. Nxe4 Nf6 20. d5 Nxe4 21. Qxe4 Bd7 22. Be5 Bd6 23. Bxd6 Qxd6 24. dxe6 Qxe6 25. Qb7 Qf5 26. Rd5 Rb8 27. Qa7 Qc2 28. Rxd7 Rxd7 29. Qxb8+ 1-0